000 01300nam0a22002891 4500
001 rc\4138068
005 20260407143210.0
021 _aRU
_b[48-13608]
035 _a(NLR Aleph) 008161375
090 _a7799811
_c7799811
100 _a20130415d1948 |||y0rusy50 ca
101 0 _arus
102 _aRU
105 _ay z |||||
200 1 _aНормы проектирования стальных конструкций
_e(Проект)
_fСост. ЦНИПС
210 _aМосква
_cБ. и.
_d1948
215 _a16 л.
_d28
225 1 _aВсесоюзное научное инженерно-техническое общество строителей "ВНИТОстроителей". Материалы для Урочного положения
_vВып. 3
300 _aНапеч. на ротапринте
606 _aСтальные конструкции
_xПроектирование
_jНормы
_2psbo
606 _aСтальные конструкции промышленных зданий
_xПроектирование
_jНормы
_2psbo
712 0 2 _aЦНИИ промышленных сооружений
_cМосква
_3RU\NLR\AUTH\8810014876
_9527633
801 0 _aRU
_bNLR
_gpsbo
801 1 _aRU
_bELAR
_2rusmarc
852 _aNLR
_jП11/685
942 _cBOOK
980 _aNB